सू-जोक उपSाार पध्दती (Record no. 335169)

MARC details
000 -LEADER
fixed length control field 00611nam a2200169Ia 4500
008 - FIXED-LENGTH DATA ELEMENTS--GENERAL INFORMATION
fixed length control field 090711s9999 xx 000 0 und d
082 ## - DEWEY DECIMAL CLASSIFICATION NUMBER
Item number 239
100 ## - MAIN ENTRY--PERSONAL NAME
Personal name नगर्सेकर सुरेश
245 ## - TITLE STATEMENT
Title सू-जोक उपSाार पध्दती
260 ## - PUBLICATION, DISTRIBUTION, ETC. (IMPRINT)
Name of publisher, distributor, etc मनोरमा प्रकाशन
Date of publication, distribution, etc 1999
300 ## - PHYSICAL DESCRIPTION
Extent 64
600 ## - SUBJECT ADDED ENTRY--PERSONAL NAME
Personal name नगर्सेकर सुरेश
630 ## - SUBJECT ADDED ENTRY--UNIFORM TITLE
Uniform title सू-जोक उपSाार पध्दती
700 ## - ADDED ENTRY--PERSONAL NAME
Personal name नगर्सेकर सुरेश
730 ## - ADDED ENTRY--UNIFORM TITLE
Uniform title सू-जोक उपSाार पध्दती
942 ## - ADDED ENTRY ELEMENTS (KOHA)
Koha item type Book

No items available.